Individual Learning Accounts Panacea or Pandora's Box?

Saved in:
Bibliographic Details
Format: Book
Language:English
Published: Paris OECD 2019
Subjects:
Tags: Add Tag
No Tags, Be the first to tag this record!

MARC

LEADER 00000nam a2200000 4500
001 0274707
005 20221220064600.5
020 |a 978-92-64-93950-9 
041 0 |a eng 
044 |a FR 
245 1 0 |a Individual Learning Accounts  |b Panacea or Pandora's Box? 
264 1 |a Paris  |b OECD  |c 2019 
300 |a 66 s. 
610 2 0 |a vzdelávanie dospelých 
610 2 0 |a príprava odborná 
610 2 0 |a kvalita vzdelávania 
610 2 0 |a podpora vzdelávania 
610 2 0 |a porovnanie štatistické